Pharmaceutical Inorganic Chemistry (Record no. 8919)

MARC details
000 -LEADER
fixed length control field 00430nam a22001697a 4500
003 - CONTROL NUMBER IDENTIFIER
control field OSt
008 - FIXED-LENGTH DATA ELEMENTS--GENERAL INFORMATION
fixed length control field 200714b ||||| |||| 00| 0 eng d
020 ## - INTERNATIONAL STANDARD BOOK NUMBER
International Standard Book Number 9789374736357
082 ## - DEWEY DECIMAL CLASSIFICATION NUMBER
Classification number 615.19 PUP
100 ## - MAIN ENTRY--PERSONAL NAME
Personal name Purkar , Sandeep
245 ## - TITLE STATEMENT
Title Pharmaceutical Inorganic Chemistry
250 ## - EDITION STATEMENT
Edition statement 2018
260 ## - PUBLICATION, DISTRIBUTION, ETC. (IMPRINT)
Place of publication, distribution, etc New Delhi
Name of publisher, distributor, etc Aitbs Publication
300 ## - PHYSICAL DESCRIPTION
Extent Pg-192
650 ## - SUBJECT ADDED ENTRY--TOPICAL TERM
Topical term or geographic name as entry element Pharmaceutical Inorganic Chemisty
942 ## - ADDED ENTRY ELEMENTS (KOHA)
Source of classification or shelving scheme Dewey Decimal Classification
Koha item type Text Books
942 ## - ADDED ENTRY ELEMENTS (KOHA)
-- 15
Holdings
Withdrawn status Lost status Source of classification or shelving scheme Damaged status Not for loan Collection code Home library Current library Date acquired Source of acquisition Currency Cost, normal purchase price Bill Number Total Checkouts Full call number Acc. no. / Barcode Date last seen Date last borrowed Actual Cost, discounted price Bill Date Koha item type
    Dewey Decimal Classification     B.Pharma PIET C-LIBRARY PIET C-LIBRARY 01/02/2020 Kirti Prakashan Indian Rup 215.00 IN6239 4 546 PUP BP833 25/05/2022 18/05/2022 139.75 01/02/2020 Reference Books
    Dewey Decimal Classification     B.Pharma PIET C-LIBRARY PIET C-LIBRARY 01/02/2020 Kirti Prakashan Indian Rup 215.00 IN6239 10 546 PUP BP834 12/03/2026 27/02/2026 139.75 01/02/2020 Text Books
    Dewey Decimal Classification     B.Pharma PIET C-LIBRARY PIET C-LIBRARY 13/02/2020 Kirti Prakashan Indian Rup 215.00 IN6397 18 546 PUP BP1393 16/03/2026 27/02/2026 139.75 13/02/2020 Text Books
    Dewey Decimal Classification     B.Pharma PIET C-LIBRARY PIET C-LIBRARY 13/02/2020 Kirti Prakashan Indian Rup 215.00 IN6397 12 546 PUP BP1394 13/11/2025 30/10/2025 139.75 13/02/2020 Text Books

Design & Developed by: PIET Central Library
R70 Miles Stone Pattikalyana Samalkha Panipat 132102
mail ID :- [email protected], Phone No:- 0180-2569700 Ex.216